000 00331nam a2200121Ia 4500
005 20251222141923.0
008 251222s9999||||xx |||||||||||||| ||spa||
082 _a362.718.5/B26
100 _aBasili Dománguez, Francisco
245 0 _aCrisis y Comercio Sexual de Menores en el Perú
264 _bAsociación Germinal
942 _cLIB
999 _c8763
_d8763